Thermodynamic properties of organic compounds : (Record no. 70318)
[ view plain ]
| 000 -LEADER | |
|---|---|
| fixed length control field | 00921nam a2200277 a 4500 |
| 001 - CONTROL NUMBER | |
| control field | 70318 |
| 003 - CONTROL NUMBER IDENTIFIER | |
| rucl marc code | BD-RjUL |
| 005 - DATE AND TIME OF LATEST TRANSACTION | |
| control field | 20211209082003.0 |
| 008 - FIXED-LENGTH DATA ELEMENTS--GENERAL INFORMATION | |
| fixed length control field | 170417m19681967nyua 001 0 eng d |
| 035 ## - SYSTEM CONTROL NUMBER | |
| System control number | (BD-RjUL)70532 |
| 040 ## - CATALOGING SOURCE | |
| Original cataloging agency | DLC |
| Transcribing agency | DLC |
| Modifying agency | BD-RjUL |
| Language of cataloging | eng |
| 041 ## - LANGUAGE CODE | |
| Language code of text/sound track or separate title | eng |
| 082 ## - DEWEY DECIMAL CLASSIFICATION NUMBER | |
| Classification number | 541.369 |
| Edition number | 23 |
| Author mark and year | JAT 1968 |
| 100 10 - MAIN ENTRY--PERSONAL NAME | |
| Personal name | Janz, George J. |
| 9 (RLIN) | 206255 |
| 245 10 - TITLE STATEMENT | |
| Title | Thermodynamic properties of organic compounds : |
| Remainder of title | estimation methods, principles, and practice / |
| Statement of responsibility, etc. | George J. Janz |
| 250 ## - EDITION STATEMENT | |
| Edition statement | Rev. ed. |
| 260 ## - PUBLICATION, DISTRIBUTION, ETC. (IMPRINT) | |
| Place of publication, distribution, etc. | New York : |
| Name of publisher, distributor, etc. | Academic Press, |
| Date of publication, distribution, etc. | 1967 [Printing 1968]. |
| 300 ## - PHYSICAL DESCRIPTION | |
| Pagination | xii, 249 p. : |
| Illustrations | ill. ; |
| Size | 24 cm. |
| 490 1# - SERIES STATEMENT | |
| Series statement | Physical chemistry, a series of monographs |
| Volume/sequential designation | v. 6 |
| 500 ## - GENERAL NOTE | |
| General note | Includes Index. |
| 650 #0 - SUBJECT ADDED ENTRY--TOPICAL TERM | |
| Topical term or geographic name as entry element | Thermodynamics. |
| 9 (RLIN) | 208232 |
| Topical term or geographic name as entry element | Organic compounds. |
| 9 (RLIN) | 160554 |
| 830 #0 - SERIES ADDED ENTRY--UNIFORM TITLE | |
| Uniform title | Physical chemistry ; a series of monographs |
| Volume number/sequential designation | v. 6. |
| 942 ## - ADDED ENTRY ELEMENTS (KOHA) | |
| Source of classification or shelving scheme | Dewey Decimal Classification |
| Koha item type | Books |
| Lost status | Source of classification or shelving scheme | Damaged status | Not for loan | Collection code | Permanent Location | Current Location | Shelving location | Date acquired | Source of acquisition | Cost, normal purchase price | Total Checkouts | Full call number | Date last seen | Copy number | Koha item type |
|---|---|---|---|---|---|---|---|---|---|---|---|---|---|---|---|
| Dewey Decimal Classification | Not For Loan | Non-fiction | Central Library, University of Rajshahi | Central Library, University of Rajshahi | Reading Room | 09/12/2021 | W.Heffer and Sons | 13.70 | 541.369 JAT 1968 | 17/04/2017 | C-1 | Books |